Turismo y conflictos territoriales en el Pacífico de Nicaragua: el caso de Tola, más allá de los titulares /

El trabajo analiza la dinámica del turismo residencial en Tola desde la perspectiva de conflictos derivados de la inseguridad en la tenencia de la tierra, que tienen un origen estructural. Asimismo, el trabajo aborda los impactos para las comunidades locales en un contexto caracterizado por la debil...

ver descrição completa

Na minha lista:
Detalhes bibliográficos
Autor principal: Bonilla, Alejandro
Outros Autores: Mordt, Matilde
Formato: Texto
Assuntos:
Tags: Adicionar Tag
Sem tags, seja o primeiro a adicionar uma tag!

MARC

LEADER 00000 a a2200000 04500
001 38609
003
040
090 |a 0005 B715t  
100 |a Bonilla, Alejandro  
245 |a Turismo y conflictos territoriales en el Pacífico de Nicaragua: el caso de Tola, más allá de los titulares /  |c Alejandro Bonilla 
300 |a 35 p.   |b il.   |b map.  
520 |a El trabajo analiza la dinámica del turismo residencial en Tola desde la perspectiva de conflictos derivados de la inseguridad en la tenencia de la tierra, que tienen un origen estructural. Asimismo, el trabajo aborda los impactos para las comunidades locales en un contexto caracterizado por la debilidad del Estado para regular esta dinámica y sus impactos socio-ambientales. Se presenta una topología de conflictos territoriales que involucran comunidades campesinas e indígenas, inversionistas nacionales y extranjeros, actores políticos, gobierno central y municipalidad, entre otros, conflictos que van más allá de los de los titulares resaltados en diversos medios de comunicación nicaragüenses  
650 |a TURISMO  
650 |a ACTIVIDADES SOBRE EL TERRENO  
650 |a CONFLICTOS  
650 |a MOVIMIENTOS SOCIALES  
650 |a ASPECTOS LEGALES  
650 |a NICARAGUA  
700 |a Mordt, Matilde  
999 |c 7676  |d 7676